Gran ética

Uloženo v:
Podrobná bibliografie
Hlavní autor: Aristóteles, 384 a.C.- 322 a.C (Autor)
Médium: Kniha
Jazyk:španělština
Vydáno: Madrid SARPE 1984
Vydání:1a. ed
Edice:Los Grandes Pensadores, 20
Témata:
Tagy: Přidat tag
Žádné tagy, Buďte první, kdo vytvoří štítek k tomuto záznamu!

MARC

LEADER 00000cam a2200000 a 4500
001 UCE2245
003 CL-VaPUC
008 140619e19840000sp |||||||||||||||||spa|d
020 |a 8449971934 
082 0 4 |a 170  |b ARI  |2 21 
100 |a Aristóteles,  |d 384 a.C.- 322 a.C.  |e author  |9 194 
245 1 0 |a Gran ética 
250 |a 1a. ed 
300 |a 191 p 
942 |c BK 
945 |d 20140619 13:53:00  |a dcastane 
260 |a Madrid  |b SARPE  |c 1984 
650 0 |a Etica griega  |9 308971 
650 0 |a Filosofía antigua   |9 255705 
650 0 |a Filosofía griega  |9 265579 
583 |a last modification  |c 20140619 13:53:00  |k Rodrigo Vera 
490 0 |a Los Grandes Pensadores, 20 
999 |c 355894  |d 355892 
952 |0 0  |1 0  |3 erd  |4 0  |6 170_000000000000000_ARI_1984  |7 0  |8 X  |9 462835  |a FDOBUD  |b FDOBUD  |i 5042526  |o 170 ARI 1984  |p 5042526  |r 2019-11-23  |w 2019-11-23  |y BK_X  |z Catalogado en:20140619  |k BUD